00742nac a22002051u 4500010001600000082001900016090001500035100004100050245004700091250007400138260003600212300002700248500003400275500001500309500004100324650001100365942002100376999001500397952012400412 a 7788082200a621.3841bZ615 c3420d3420 aZherebtï¸ s︡ov, Ivanvich. 10aFundamentals of radioc[by] I. Zherebtsov. a[2d ed.]bTranslated from the Russian by V. Valessyuk and V. Povzner. aMoscow,bMir Publishers,c1969. a821 p.billus.c23 cm. aTranslation of Radiotekhnika. aDonations. aDonations - Bibliotheca Alexandrina. 0aRadio. cBBk621.3841Z615 c3420d3420 00102ddc4070aMAINbMAINc1STd2010-04-07ePurchasel1o621.3841 ZHEp000030373r2025-07-15 00:00:00s2011-03-31yBB